Manual práctico para la prevención de riesgos emergentes (Registro nro. 8410)

Detalles MARC
000 -Cabecera
Campo de control de longitud fija 01015nam a22003497a 4500
005 - Fecha y hora de la última transacción
Campo de control 20250926094222.0
008 - Elementos de longitud fija--Información general
Campo de control de longitud fija 160912b2011 xxu||||| |||| 00| 0 spa d
020 ## - International Standard Book Number
Número Internacional Estándar del Libro (ISBN) 9788492735969
041 ## - Idioma
Código de idioma Español
082 ## - Clasificación Decimal Dewey
Número de clasificación 613.62 A992m
100 ## - Entrada principal--Autor personal
Nombre personal Azcuénaga Linaza, Luis
9 (RLIN) 20107
245 ## - Título propiamente dicho
Título Manual práctico para la prevención de riesgos emergentes
260 ## - Pie de imprenta
Lugar de publicación, distribución, etc. España
260 ## - Pie de imprenta
Nombre del editor, distribuidor, etc. Fundación Confemetal
260 ## - Pie de imprenta
Fecha de publicación, distribución, etc. 2011
300 ## - Descripción física
Extensión 280 páginas
490 ## - Serie
Título de la Serie Dirección de Educación Comunitaria y Asistencia Técnica
490 ## - Serie
Título de la Serie Temática General
650 ## - Materia general
Temática (materia general) SALUD OCUPACIONAL
650 ## - Materia general
Temática (materia general) RIESGOS EMERGENTES
650 ## - Materia general
Temática (materia general) PREVENCIÓN DE RIESGOS
650 ## - Materia general
Temática (materia general) MÉTODO DELPHI
650 ## - Materia general
Temática (materia general) RIESGOS BIOLÓGICOS
650 ## - Materia general
Temática (materia general) RIESGOS PSICOSOCIALES
650 ## - Materia general
Temática (materia general) TRASTORNOS PSICOLÓGICOS
650 ## - Materia general
Temática (materia general) ESTRÉS LABORAL
650 ## - Materia general
Temática (materia general) ACOSO LABORAL
650 ## - Materia general
Temática (materia general) SÍNDROME DEL TRABAJADOR QUEMADO
650 ## - Materia general
Temática (materia general) SÍNDROME DE BURNOUT
650 ## - Materia general
Temática (materia general) CARGA MENTAL
942 ## - Punto de acceso adicional KOHA
Tipo de ítem KOHA Libro
Fuente del sistema de clasificación o colocación Dewey Decimal Classification
Existencias
Signatura completa Código de barras Programa Académico Tipo de ítem
613.62 A992m 21353   Libro